MAASAI MARA UNIVERSITY

LIBRARY CATALOGUE

Contact Us: +254 020 2685356/7 or 0774 057787

Box: 861-20500, NAROK, KENYA

Email: info@mmarau.ac.ke

Musibala,Peter (Record no. 1988)

MARC details
000 -LEADER
fixed length control field 00407nam a2200121Ia 4500
008 - FIXED-LENGTH DATA ELEMENTS--GENERAL INFORMATION
fixed length control field 151015s9999 xx 000 0 und d
050 ## - LIBRARY OF CONGRESS CALL NUMBER
Classification number LC 3988 .K4K57
245 ## - TITLE STATEMENT
Title Musibala,Peter
250 ## - EDITION STATEMENT
Edition statement _Special needs education Education resources in an inclusive setting module 11 Peter Musibala
300 ## - PHYSICAL DESCRIPTION
Extent Nairobi KISE
650 ## - SUBJECT ADDED ENTRY--TOPICAL TERM
Topical term or geographic name as entry element _special needs educational resources
700 ## - ADDED ENTRY--PERSONAL NAME
Personal name ^d20110608 12:56:09^oanne

No items available.

© 2016 Maasai Mara University.